| 000 | 02514cam a2200361 i 4500 | ||
|---|---|---|---|
| 001 | 21525293 | ||
| 003 | NUST | ||
| 005 | 20221019152603.0 | ||
| 008 | 200508s2021 nyu 000 1 eng | ||
| 010 | _a 2020021074 | ||
| 020 |
_a9780525656975 _q(hardcover) |
||
| 020 |
_a9781984897701 _q(paperback) |
||
| 020 |
_z9780525656982 _q(ebook) |
||
| 038 | _aAzhar | ||
| 040 |
_aDLC _beng _erda _cDLC _dDLC |
||
| 042 | _apcc | ||
| 050 | 0 | 0 |
_aPS3619.H586 _bG74 2021 |
| 082 | 0 | 0 |
_a813.6 _223 _bSHI |
| 100 | 1 |
_aShipstead, Maggie, _eauthor. _9100864 |
|
| 245 | 1 | 0 |
_aGreat circle _cMaggie Shipstead. |
| 250 | _aFirst edition. | ||
| 260 |
_aNew York : _bAlfred A. Knopf, _c2021. |
||
| 300 |
_a593 p ; _c25 cm |
||
| 336 |
_atext _btxt _2rdacontent |
||
| 337 |
_aunmediated _bn _2rdamedia |
||
| 338 |
_avolume _bnc _2rdacarrier |
||
| 520 |
_a"After being rescued as infants from a sinking ocean liner in 1914, Marian and Jamie Graves are raised by their dissolute uncle in Missoula, Montana. There --after encountering a pair of pilots passing through town in a beat up Cessna--Marian commences her lifelong love affair with flight. At fifteen, she drops out of school and finds an unexpected and dangerous patron in a wealthy rancher who provides a plane and subsidizes her lessons, an arrangement that will haunt her for the rest of her life, even as it allows her to fulfill her destiny: circumnavigating the globe and piloting her plane over the Arctic Circle. A century later, Hadley Baxter is cast to play Marian in a film that centers on Marian's disappearance over the South Pacific. Vibrant, canny, disgusted with the claustrophobia of Hollywood, Hadley is eager to re-define herself after a romantic film franchise has imprisoned her in the grip of cult celebrity. Her immersion into the character of Marian unfolds, thrillingly, alongside Marian's own story, as the two womens' fates--and their hunger for self-determination in vastly different geographies and times-- collide. Epic and emotional, meticulously researched and gloriously told, Great Circle is a monumental work of art, and a tremendous leap forward for the prodigiously gifted Maggie Shipstead"-- _cProvided by publisher. |
||
| 563 | _aHB | ||
| 776 | 0 | 8 |
_iOnline version: _aShipstead, Maggie, _tGreat circle _bFirst edition. _dNew York : Alfred A. Knopf, 2021. _z9780525656982 _w(DLC) 2020021075 |
| 906 |
_a7 _bcbc _corignew _d1 _eecip _f20 _gy-gencatlg |
||
| 942 |
_2ddc _cLC |
||
| 999 |
_c591964 _d591964 |
||